000 00677nam a2200241Ia 4500
003 OSt
005 20220918214149.0
006 a|||||r|||| 00| 0
007 ta
008 220917b |||||||| |||| 00| 0 eng d
024 _a136,070
037 _cTextual
040 _aARTS
_cARTS
_beng
041 _2eng
_aeng
082 _aX9:275p6:N66, K7
110 _aSymposium on industrial development in Africa (Cario)
_9130015
245 0 _aProceedings
260 _aNA
_bNA
_c1967
650 _aECONOMICS
700 _aSymposium on industrial development in Africa (Cario)
_9130016
942 _hX9:275p6:N66, K7
_cTEXL
_2CC
999 _c259160
_d259160